Camilo Cienfuegos : (Record no. 9435)

MARC details
000 -LEADER
campo de control de longitud fija 00886cam a22002777a 4500
001 - NÚMERO DE CONTROL
campo de control 110190
005 - FECHA Y HORA DE LA ÚLTIMA TRANSACCIÓN
campo de control 20230404130026.0
008 - DATOS DE LONGITUD FIJA--INFORMACIÓN GENERAL
campo de control de longitud fija 881115s1984 cu ac 001 0dspa
035 ## - NÚMERO DE CONTROL DEL SISTEMA
-- (DLC) 88889147
035 ## - NÚMERO DE CONTROL DEL SISTEMA
Número de control de sistema 2922418
010 ## - NÚMERO DE CONTROL DE LA BIBLIOTECA DEL CONGRESO
Número de control de LC 88889147
040 ## - FUENTE DE CATALOGACIÓN
Centro catalogador/agencia de origen DLC
Centro/agencia transcriptor DLC
Centro/agencia modificador DLC
050 14 - SIGNATURA TOPOGRÁFICA DE LA BIBLIOTECA DEL CONGRESO
Número de clasificación 107 F 1787.5
Número de ítem C569C 1984
100 1# - ENTRADA PRINCIPAL--NOMBRE DE PERSONA
Nombre de persona Cabrera Alvarez, Guillermo,
Fechas asociadas al nombre 1943-
245 10 - MENCIÓN DEL TÍTULO
Título Camilo Cienfuegos :
Resto del título el hombre de mil anécdotas /
Mención de responsabilidad, etc. Guillermo Cabrera Alvarez.
246 3# - FORMA VARIANTE DEL TITULO
Título propio/Titulo breve El hombre de mil anécdotas.
260 ## - PUBLICACIÓN, DISTRIBUCIÓN, ETC.
Lugar de publicación, distribución, etc. La Habana :
Nombre del editor, distribuidor, etc. Editora Política,
Fecha de publicación, distribución, etc. 1984.
300 ## - DESCRIPCIÓN FÍSICA
Extensión vii, 130 p. :
Otras características físicas ill., ports. ;
Dimensiones 18 cm.
504 ## - NOTA DE BIBLIOGRAFÍA, ETC.
Nota de bibliografía, etc. Incluye índice
600 10 - PUNTO DE ACCESO ADICIONAL DE MATERIA--NOMBRE DE PERSONA
Nombre de persona Cienfuegos, Camilo.
651 #0 - PUNTO DE ACCESO ADICIONAL DE MATERIA--NOMBRE GEOGRÁFICO
Nombre geográfico Cuba
Subdivisión general History
Subdivisión cronológica 1933-1959
Subdivisión de forma Anédotas
653 ## - TÉRMINO DE INDIZACIÓN--NO CONTROLADO
Término no controlado Cuba
-- History
-- Communist revolution
-- 20th century
-- Camilo Cienfuegos
942 ## - ELEMENTOS DE ENTRADA SECUNDARIOS (KOHA)
Fuente del sistema de clasificación o colocación Clasificación de Library of Congress
Tipo de ítem Koha
985 ## -
-- bh20 11-14-88
946 ## - PROCESAMIENTO DE INFORMACIÓN LOCAL (OCLC)
a PP
Holdings
Estatus retirado Estado de pérdida Fuente del sistema de clasificación o colocación Estado de daño No para préstamo Colección Biblioteca de origen Biblioteca actual Ubicación en estantería Fecha de adquisición Serial enumeration / chronology Total checkouts Signatura topográfica completa Código de barras Visto por última vez Copia número Precio de reemplazo Tipo de ítem Koha
    Clasificación de Library of Congress     Recursos Regionales Biblioteca Juan Bosch Biblioteca Juan Bosch Recursos Regionales (2do. Piso) 04/04/2023 1   107 F 1787.5 C569C 1984 00000067152 23/10/2018 1 23/10/2018